عرض عادي عرض مارك
  • Differential equations, Partial

مدخل مصطلح موضوعي

عدد التسجيلات المستخدمة في: 3

001 - رقم الضبط

  • حقل الضبط: 13172

003 - معرف رقم الضبط

  • حقل الضبط: OSt

005 - تاريخ ووقت أخر عملية

  • حقل الضبط: 20120510012927.0

008 - عناصر بيانات ثابتة الطول

  • حقل تحكم ثابت الطول: 120510|||a|||||| | ||| d

040 ## - مصدر الفهرسة

  • هيئة الفهرسة الأصلية: OSt
  • وكالة الكتابة: OSt

150 ## - مدخل-- مصطلح تاريخي

  • عنصر مدخل المصطلح الموضوعي او الاسم الجغرافي: Differential equations, Partial
  • تفريع شكلي: Textbooks.

670 ## - بيانات المصدر موجوده

  • الاستشهاد بالمصدر: Work cat.: (OSt)23617: Herron, Isom H., 1946- 13171, Partial differential equations in fluid dynamics /, 2008.